Sectoral terms of trade and economic growth in India (Record no. 19808)

MARC details
000 -LEADER
fixed length control field 00469nam a2200169Ia 4500
082 ## - DEWEY DECIMAL CLASSIFICATION NUMBER
Classification number TM.0276
100 ## - MAIN ENTRY--AUTHOR NAME
Personal name Mukhlal Singh
245 #0 - TITLE STATEMENT
Title Sectoral terms of trade and economic growth in India
260 ## - PUBLICATION, DISTRIBUTION, ETC. (IMPRINT)
Year of publication 1971
Name of publisher University of Ranchi
300 ## - PHYSICAL DESCRIPTION
Number of Pages 337p. + C D -25
650 ## - SUBJECT ADDED ENTRY--TOPICAL TERM
Topical Term INDIA - ECONOMIC CONDITIONS
650 ## - SUBJECT ADDED ENTRY--TOPICAL TERM
Topical Term TERMS OF TRADE - INDIA
650 ## - SUBJECT ADDED ENTRY--TOPICAL TERM
Topical Term INDIA - COMMERCE
650 ## - SUBJECT ADDED ENTRY--TOPICAL TERM
Topical Term AGRICULTURAL PRICES - INDIA
710 ## - ADDED ENTRY--CORPORATE NAME
Corporate name or jurisdiction name as entry element Tripathy, R.N.
942 ## - ADDED ENTRY ELEMENTS (KOHA)
Koha item type Thesis
Source of classification or shelving scheme Dewey Decimal Classification
Holdings
Withdrawn status Lost status Damaged status Not for loan Home library Current library Date acquired Full call number Accession Number Price effective from Koha item type
        NASSDOC Library NASSDOC Library 08/10/2004 TM.0276 4878 18/04/2019 Thesis